[Event "Belgrade Spring Open 2021"]
[Site "Belgrade"]
[Date "2021.04.03"]
[Round "2.7"]
[White "Todorovic, Goran M"]
[Black "Poleksic, Dusan"]
[Result "1-0"]
[WhiteElo "2406"]
[BlackElo "2092"]
[Annotator "ChessBase"]
[PlyCount "39"]
[EventDate "2021.04.02"]
[EventType "swiss"]
[EventCountry "SRB"]
[SourceTitle "playchess.com"]
[Source "ChessBase"]
[SourceQuality "1"]
[TimeControl "5400+30"]

1. e4 {[%emt 0:00:00]} c5 {[%emt 0:02:27]} 2. Nc3 {[%emt 0:00:00]} g6 {[%emt 0:01:04]} 3. d4 {[%emt 0:04:04]} cxd4 {[%emt 0:02:23]} 4. Qxd4 {[%emt 0:00:06]} Nf6 {[%emt 0:00:16]} 5. Bg5 {[%emt 0:08:04]} Nc6 {[%emt 0:02:24]} 6. Qd2 {[%emt 0:00:11]} Bg7 {[%emt 0:01:02]} 7. Bh6 {[%emt 0:07:50]} O-O {[%emt 0:05:53]} 8. O-O-O {[%emt 0:06:33]} Qa5 {[%emt 0:08:43]} 9. f3 {[%emt 0:08:49]} d6 {[%emt 0:01:09]} 10. h4 {[%emt 0:01:41]} Be6 {[%emt 0:02:52]} 11. h5 {[%emt 0:08:20]} Nxh5 {[%emt 0:08:23]} 12. Bxg7 {[%emt 0:00:27]} Kxg7 {[%emt 0:00:03]} 13. g4 {[%emt 0:00:16]} Nf6 {[%emt 0:00:03]} 14. Qh6+ {[%emt 0:03:07]} Kg8 {[%emt 0:00:04]} 15. Nge2 {[%emt 0:04:40]} Ne5 {[%emt 0:16:32]} 16. g5 {[%emt 0:12:16]} Nh5 {[%emt 0:01:09]} 17. Nf4 {[%emt 0:04:09]} Bg4 {[%emt 0:01:16]} 18. Ncd5 {[%emt 0:06:58]} Nxf3 {[%emt 0:20:24]} 19. Nxh5 {[%emt 0:01:04]} Bxh5 {[%emt 0:02:54]} 20. Rxh5 {[%emt 0:00:22]} 1-0

[Event "Belgrade Spring Open 2021"]
[Site "Belgrade"]
[Date "2021.04.03"]
[Round "2.8"]
[White "Petkovic, Jovan"]
[Black "Kaasen, Tor Fredrik"]
[Result "1/2-1/2"]
[WhiteElo "2083"]
[BlackElo "2397"]
[Annotator "TA"]
[PlyCount "168"]
[EventDate "2021.04.02"]
[EventType "swiss"]
[EventCountry "SRB"]
[SourceTitle "playchess.com"]
[Source "ChessBase"]
[SourceQuality "1"]

{[%evp 14,168,4,0,0,0,10,-12,-7,-7,4,-6,-2,-9,-6,-20,0,-22,-16,-36,5,-56,-56,-55,-43,-53,-25,-30,0,0,161,68,181,184,225,223,219,219,227,214,297,190,178,158,257,257,329,235,332,201,336,336,345,345,328,0,95,93,95,94,92,92,94,95,95,95,109,91,102,29,29,29,29,22,29,29,29,29,29,29,29,29,29,29,29,29,29,29,29,29,29,29,29,29,29,29,29,29,29,29,29,29,29,29,29,29,29,29,29,29,29,29,29,29,29,29,29,29,29,29,29,29,29,29,29,29,29,29,29,29,29,29,29,29,29,29,29,29,29,29,29,29,29,0,29,0,29,0,29,0,29,0,29,0,29,0,495]} 1. e4 c5 2. c3 Nf6 3. e5 Nd5 4. Nf3 e6 5. d4 cxd4 6. cxd4 d6 7. a3 Bd7 8. Bd3 Bc6 {B22: Sicilian: 2 c3.} 9. O-O Be7 10. Bd2 Nd7 11. Nc3 {[#]} Qb6 $146 ({Predecessor:} 11... Nxc3 12. Bxc3 dxe5 13. Nxe5 Nxe5 14. dxe5 Qd5 15. Qf3 Qxf3 16. gxf3 Bxf3 17. Bb5+ Kf8 {0-1 (34) Bohigas Santasusagna,L (2026)-Morales,J (2422) Barcelona 2019}) 12. Nxd5 Bxd5 13. Bc3 O-O 14. Re1 a5 15. h4 dxe5 16. Nxe5 Rad8 (16... Nxe5 {with more complications.} 17. dxe5 Rfd8 18. Qg4 Bc5 19. Qg3 Bb3) 17. Nxd7 (17. Qh5 $11 Nf6 18. Qg5) 17... Rxd7 $15 18. Re3 Bf6 19. Rg3 Rc8 20. Qd2 g6 (20... Bxh4 $2 21. Bxa5 Qa7 22. Rh3 $18) 21. h5 Bc4 $2 (21... Qd6 $11) 22. hxg6 (22. d5 $1 $18 Bxd3 23. Bxf6 exd5 24. Qf4) 22... hxg6 ({Black should try} 22... fxg6 $14 23. Bxa5 Qa6) 23. d5 $1 $18 Bxc3 (23... exd5 $2 24. Bxg6 Bxc3 25. Bf5+ Bg7 26. Bxd7 $18) 24. Qxc3 {Threatens to win with Rh3.} exd5 {[#]} 25. Bf5 $1 {[%cal Rf5d7]} d4 26. Qc1 Qc7 {Now ...Be6 and Black clings on.} 27. Bxd7 Qxd7 {[#]} 28. Qd2 $1 $36 {[%mdl 2048] Keeping Black busy.} a4 (28... d3 $16 29. Rc1 (29. Qxa5 Qd4 $16) 29... Rc6) 29. Rh3 f6 30. Re1 ({Don't play} 30. Qh6 Qg7 $18) 30... d3 (30... g5 $142 31. Rhe3 {[%mdl 64] Pin} d3) 31. Rhe3 Rf8 (31... Qd6 $142 32. Re7 Bf7) 32. Re7 Qc6 33. Qh6 {[%csl Ge7][%cal Rh6h7]} Bf7 {intending ...g5.} 34. Qd2 (34. R1e4 $18 {Strongly threatening Rh4.} g5 35. Rd4) 34... Qc2 (34... Bc4 $1 $11 35. Qh6 Bf7) 35. Rd1 $16 ({Don't blunder} 35. Qh6 $2 d2 $19) 35... Bb3 36. Ree1 Qxd2 37. Rxd2 {[%mdl 4096] Endgame KRR-KRB} Bc4 38. Re7 b5 39. f3 Rd8 40. Kf2 Kf8 41. Re4 (41. Rh7 $16) 41... f5 $11 42. Rh4 Kg7 43. g4 Kf6 44. gxf5 Kxf5 45. Ke3 {Black must now prevent Rf4+.} g5 46. Rg4 Re8+ 47. Re4 Rh8 48. Rg2 Rh1 49. Reg4 Re1+ $1 50. Kd2 Re2+ 51. Rxe2 dxe2 {KR-KB} 52. Rd4 Ke5 53. Re4+ Kf5 54. Rg4 Kf6 55. Rg1 Kf5 56. Ke3 Kf6 57. Ke4 Bb3 58. Rh1 Bc4 59. Re1 Ke6 60. Rg1 Kf6 61. Rh1 Ke6 62. Ke3 Kf5 63. Kf2 Kf4 64. Rg1 Kf5 65. Rg4 Bd3 66. Rd4 Bc4 67. Rd8 Ke5 68. Rf8 Bd3 69. Re8+ Kf5 70. Rc8 Bc4 71. Rf8+ Ke5 72. Rd8 Kf5 73. Rd4 Ke5 74. Re4+ Kf5 75. Kg3 Bd3 76. Re3 Bc4 77. Kf2 Kf4 78. Re4+ Kf5 79. Rg4 Bd3 80. Rg1 Kf4 81. Rg4+ Kf5 82. Rg1 Kf4 83. Rg4+ Kf5 84. Rg1 Ke5 $2 {[%mdl 40960] Weighted Error Value: White=0.22/Black=0.25. An unexpected result.} (84... Bc4 $11 {and Black has nothing to worry.}) 1/2-1/2

[Event "Belgrade Spring Open 2021"]
[Site "Belgrade"]
[Date "2021.04.03"]
[Round "2.9"]
[White "Pastar, Slaven"]
[Black "Radojicic, Aleksandar M"]
[Result "1-0"]
[WhiteElo "2374"]
[BlackElo "2082"]
[Annotator "ChessBase"]
[PlyCount "86"]
[EventDate "2021.04.02"]
[EventType "swiss"]
[EventCountry "SRB"]
[SourceTitle "playchess.com"]
[Source "ChessBase"]
[SourceQuality "1"]
[TimeControl "5400+30"]

1. d4 {[%emt 0:00:15]} Nf6 {[%emt 0:00:00]} 2. Nf3 {[%emt 0:00:17]} c5 {[%emt 0:00:04]} 3. d5 {[%emt 0:00:39]} g6 {[%emt 0:01:15]} 4. Nc3 {[%emt 0:00:53]} Bg7 {[%emt 0:00:20]} 5. e4 {[%emt 0:00:25]} d6 {[%emt 0:00:08]} 6. Bb5+ {[%emt 0:00:39]} Bd7 {[%emt 0:01:37]} 7. a4 {[%emt 0:00:06]} O-O {[%emt 0:04:59]} 8. O-O {[%emt 0:00:11]} Na6 {[%emt 0:06:32]} 9. Re1 {[%emt 0:00:28]} Nc7 {[%emt 0:06:55]} 10. Bc4 {[%emt 0:02:27]} Bg4 {[%emt 0:02:10]} 11. h3 {[%emt 0:01:58]} Bxf3 {[%emt 0:01:16]} 12. Qxf3 {[%emt 0:00:10]} Nd7 {[%emt 0:07:15]} 13. Qg3 {[%emt 0:01:39]} f5 {[%emt 0:12:33]} 14. Bg5 {[%emt 0:14:15]} h6 {[%emt 0:19:05]} 15. Bd2 {[%emt 0:03:43]} f4 {[%emt 0:10:15]} 16. Bxf4 {[%emt 0:01:42]} g5 {[%emt 0:00:09]} 17. Be3 {[%emt 0:11:13]} Ne5 {[%emt 0:06:58]} 18. Bf1 {[%emt 0:02:27]} Ng6 {[%emt 0:03:11]} 19. Qg4 {[%emt 0:02:25]} Kh7 {[%emt 0:04:49]} 20. Ne2 {[%emt 0:02:58]} Ne5 {[%emt 0:02:25]} 21. Qh5 {[%emt 0:01:19]} e6 {[%emt 0:03:36]} 22. Nc3 {[%emt 0:04:49]} Ng6 {[%emt 0:01:07]} 23. Rad1 {[%emt 0:02:33]} exd5 {[%emt 0:01:08]} 24. exd5 {[%emt 0:00:48]} Nf4 {[%emt 0:00:14]} 25. Qg4 {[%emt 0:01:52]} Bxc3 {[%emt 0:03:54]} 26. bxc3 {[%emt 0:00:24]} Nfxd5 {[%emt 0:00:13]} 27. Qe4+ {[%emt 0:02:53]} Kg7 {[%emt 0:00:11]} 28. Bd3 {[%emt 0:06:23]} Rf6 {[%emt 0:01:10]} 29. Qh7+ {[%emt 0:00:58]} Kf8 {[%emt 0:00:01]} 30. Bg6 {[%emt 0:02:10]} Rxg6 {[%emt 0:00:58]} 31. Qxg6 {[%emt 0:00:08]} Qf6 {[%emt 0:00:07]} 32. Qxf6+ {[%emt 0:00:12]} Nxf6 {[%emt 0:00:01]} 33. Rxd6 {[%emt 0:00:07]} Nce8 {[%emt 0:00:47]} 34. Rdd1 {[%emt 0:00:47]} Rc8 {[%emt 0:00:17]} 35. h4 {[%emt 0:00:44]} Ne4 {[%emt 0:00:15]} 36. Rd7 {[%emt 0:00:19]} Nxc3 {[%emt 0:00:44]} 37. hxg5 {[%emt 0:00:39]} hxg5 {[%emt 0:00:28]} 38. Bxg5 {[%emt 0:00:26]} Nxa4 {[%emt 0:00:07]} 39. Rxb7 {[%emt 0:00:30]} a6 {[%emt 0:00:58]} 40. Re3 {[%emt 0:00:18]} c4 {[%emt 0:00:29]} 41. Rg3 {[%emt 0:00:53]} Nc7 {[%emt 0:00:59]} 42. Bf4 {[%emt 0:00:38]} Ne6 {[%emt 0:00:42]} 43. Bd6+ {[%emt 0:00:07]} Ke8 {[%emt 0:01:08]} 1-0

[Event "Belgrade Spring Open 2021"]
[Site "Belgrade"]
[Date "2021.04.03"]
[Round "2.10"]
[White "Novakovic, Aleksej"]
[Black "Potpara, Nikola"]
[Result "0-1"]
[WhiteElo "2079"]
[BlackElo "2370"]
[Annotator "ChessBase"]
[PlyCount "60"]
[EventDate "2021.04.02"]
[EventType "swiss"]
[EventCountry "SRB"]
[SourceTitle "playchess.com"]
[Source "ChessBase"]
[SourceQuality "1"]
[TimeControl "5400+30"]

1. d4 {[%emt 0:00:00]} Nf6 {[%emt 0:23:36]} 2. Bf4 {[%emt 0:00:00]} c5 {[%emt 0:00:16]} 3. e3 {[%emt 0:02:52]} d6 {[%emt 0:03:08]} 4. c3 {[%emt 0:02:52]} Nbd7 {[%emt 0:02:57]} 5. Nf3 {[%emt 0:03:57]} Nh5 {[%emt 0:01:08]} 6. Bg3 {[%emt 0:00:45]} g6 {[%emt 0:00:28]} 7. Bc4 {[%emt 0:11:29]} e6 {[%emt 0:13:41]} 8. d5 {[%emt 0:25:58]} e5 {[%emt 0:00:41]} 9. Bh4 {[%emt 0:04:33]} Be7 {[%emt 0:00:51]} 10. Bxe7 {[%emt 0:00:19]} Qxe7 {[%emt 0:00:09]} 11. Be2 {[%emt 0:14:15]} f5 {[%emt 0:09:13]} 12. c4 {[%emt 0:03:35]} O-O {[%emt 0:00:19]} 13. Nc3 {[%emt 0:02:35]} e4 {[%emt 0:05:02]} 14. Nd2 {[%emt 0:00:19]} Nhf6 {[%emt 0:00:07]} 15. Qc2 {[%emt 0:03:17]} Ne5 {[%emt 0:00:59]} 16. g3 {[%emt 0:06:18]} Bd7 {[%emt 0:00:35]} 17. h3 {[%emt 0:04:00]} h5 {[%emt 0:02:46]} 18. O-O-O {[%emt 0:05:15]} a6 {[%emt 0:00:35]} 19. Rde1 {[%emt 0:01:32]} b5 {[%emt 0:01:54]} 20. f4 {[%emt 0:01:43]} exf3 {[%emt 0:01:11]} 21. Nxf3 {[%emt 0:00:12]} Kg7 {[%emt 0:09:16]} 22. Nd2 {[%emt 0:04:10]} Rab8 {[%emt 0:08:05]} 23. b3 {[%emt 0:00:55]} b4 {[%emt 0:10:22]} 24. Nd1 {[%emt 0:00:12]} Rbe8 {[%emt 0:00:46]} 25. Nf2 {[%emt 0:00:30]} a5 {[%emt 0:00:25]} 26. e4 {[%emt 0:00:50]} a4 {[%emt 0:01:00]} 27. Kb2 {[%emt 0:00:33]} fxe4 {[%emt 0:01:34]} 28. Nfxe4 {[%emt 0:00:29]} Nxe4 {[%emt 0:01:10]} 29. Nxe4 {[%emt 0:00:30]} Bf5 {[%emt 0:00:58]} 30. Bd3 {[%emt 0:00:08]} Nxd3+ {[%emt 0:01:48]} 0-1

[Event "Belgrade Spring Open 2021"]
[Site "Belgrade"]
[Date "2021.04.04"]
[Round "3.1"]
[White "Martirosyan, Haik M."]
[Black "Kamer, Kayra"]
[Result "1-0"]
[WhiteElo "2620"]
[BlackElo "2339"]
[Annotator "ChessBase"]
[PlyCount "50"]
[EventDate "2021.04.02"]
[EventType "swiss"]
[EventCountry "SRB"]
[SourceTitle "playchess.com"]
[Source "ChessBase"]
[SourceQuality "1"]
[TimeControl "5400+30"]

1. d4 {[%emt 1:30:30]} Nf6 {[%emt 1:30:30]} 2. Bg5 {[%emt 0:00:30]} g6 {[%emt 0:00:00]} 3. Bxf6 {[%emt 0:00:00]} exf6 {[%emt 0:01:00]} 4. e3 {[%emt 0:00:00]} d5 {[%emt 0:00:00]} 5. Nf3 {[%emt 0:01:30]} c5 {[%emt 0:01:00]} 6. dxc5 {[%emt 0:00:00]} Bxc5 {[%emt 0:00:30]} 7. Nbd2 {[%emt 0:01:00]} Nc6 {[%emt 0:00:00]} 8. c3 {[%emt 0:00:30]} O-O {[%emt 0:01:00]} 9. Nb3 {[%emt 0:00:30]} Bb6 {[%emt 0:00:30]} 10. g3 {[%emt 0:00:30]} Bf5 {[%emt 0:00:30]} 11. Bg2 {[%emt 0:00:00]} Be4 {[%emt 0:00:00]} 12. O-O {[%emt 0:01:00]} Qe7 {[%emt 0:01:00]} 13. Qe2 {[%emt 0:00:30]} Rfe8 {[%emt 0:00:30]} 14. Rfd1 {[%emt 0:00:30]} Rad8 {[%emt 0:00:30]} 15. Nfd4 {[%emt 0:00:30]} Bxg2 {[%emt 0:00:30]} 16. Nxc6 {[%emt 0:00:30]} bxc6 {[%emt 0:00:00]} 17. Kxg2 {[%emt 0:00:00]} Qe4+ 18. Qf3 {[%emt 0:01:00]} f5 {[%emt 0:00:00]} 19. Qxe4 fxe4 {[%emt 0:02:00]} 20. Rd2 {[%emt 0:01:00]} Kf8 {[%emt 0:00:30]} 21. Rc1 {[%emt 0:00:30]} Ke7 {[%emt 0:00:30]} 22. c4 {[%emt 0:00:30]} Ke6 {[%emt 0:00:30]} 23. Rdc2 {[%emt 0:00:30]} Re7 {[%emt 0:00:30]} 24. Kf1 {[%emt 0:00:30]} f5 {[%emt 0:00:30]} 25. Ke2 {[%emt 0:00:00]} g5 {[%emt 0:00:00]} 1-0

[Event "Belgrade Spring Open 2021"]
[Site "Belgrade"]
[Date "2021.04.04"]
[Round "3.2"]
[White "Potpara, Nikola"]
[Black "Sargsyan, Shant"]
[Result "0-1"]
[WhiteElo "2370"]
[BlackElo "2598"]
[Annotator "TA"]
[PlyCount "96"]
[EventDate "2021.04.02"]
[EventType "swiss"]
[EventCountry "SRB"]
[SourceTitle "playchess.com"]
[Source "ChessBase"]
[SourceQuality "1"]

{[%evp 9,96,-9,16,16,10,15,16,0,14,20,22,17,37,0,14,8,8,8,8,11,9,12,11,9,12,-10,0,0,2,-10,0,0,0,0,0,0,0,0,0,0,0,0,0,0,0,0,0,0,0,0,0,0,0,0,47,47,55,4,135,-15,-8,-41,0,-75,-75,-199,-190,-190,-190,-190,-189,-189,-179,-189,-181,-426,-426,-404,-361,-717,-697,-739,-708,-2018,-1773,-29978,-29979,-29977,-29977]} 1. d4 Nf6 2. Bf4 d5 3. e3 c5 4. c3 Nc6 5. Nd2 cxd4 6. exd4 {D00: 1 d4 d5: Unusual lines.} Bf5 7. Ngf3 e6 8. Nh4 {The position is equal.} Be4 9. Nxe4 dxe4 10. g3 {[#]} Nd5 $146 ({Predecessor:} 10... Bd6 11. Be3 O-O 12. Be2 Nd5 13. Qd2 f5 14. Ng2 Qc7 15. O-O Na5 16. Kh1 Nc4 17. Bxc4 Qxc4 {½-½ (57) Lizak,P (2468)-Mons,L (2554) Austria 2018}) 11. Be3 Be7 12. Ng2 O-O 13. Be2 e5 14. O-O exd4 15. Bxd4 Nxd4 16. Qxd4 Nf6 $1 17. Qe5 Bd6 18. Qb5 Qe7 19. a4 Rac8 20. Rad1 Bc5 21. Ne3 a6 22. Qb3 Rfd8 23. Rxd8+ Rxd8 24. Rd1 Rxd1+ 25. Qxd1 g6 26. Kg2 Ba7 27. Qd2 h5 28. h4 Kg7 29. Nc4 Qe6 30. Qg5 Nd7 31. a5 f6 32. Qd2 Qf5 33. f3 ({Better is} 33. Bd1 $14) 33... Nc5 {[#]} (33... Ne5 $11 34. Nxe5 Qxe5) 34. Qf4 (34. b4 $1 $16 {[%cal Rb4c5]}) 34... Qxf4 $11 35. gxf4 {[%mdl 4096] Endgame KBN-KBN} Ne6 36. Kg3 (36. f5 $1 $11 {keeps the balance.} Nf4+ 37. Kf1) 36... e3 $17 37. f5 {This costs White the game.} (37. Bf1 $17 {keeps fighting.}) 37... Bb8+ $19 (37... gxf5 38. f4 $11) 38. Kg2 Nf4+ {[%mdl 64] Double Attack} ({Weaker is} 38... gxf5 39. Nxe3 Nf4+ 40. Kf1 $11) 39. Kf1 g5 ({Worse is} 39... gxf5 40. Nxe3 Bc7 41. Bc4 $11) 40. hxg5 fxg5 41. Nxe3 Ba7 42. Ng2 (42. Nc4) 42... Nxe2 43. Kxe2 {KB-KN} Kf6 44. f4 $2 (44. Ne1 Kxf5 45. Nd3) 44... g4 45. Nh4 Bg1 46. Kd3 Bf2 47. Ng2 h4 48. Ke2 {[#]} h3 $1 {Weighted Error Value: White=0.59/Black=0.11} 0-1

[Event "Belgrade Spring Open 2021"]
[Site "Belgrade"]
[Date "2021.04.04"]
[Round "3.3"]
[White "Lajthajm, Borko"]
[Black "Sturt, Raven"]
[Result "0-1"]
[WhiteElo "2359"]
[BlackElo "2490"]
[Annotator "TA"]
[PlyCount "128"]
[EventDate "2021.04.02"]
[EventType "swiss"]
[EventCountry "SRB"]
[SourceTitle "playchess.com"]
[Source "ChessBase"]
[SourceQuality "1"]

{[%evp 9,128,3,2,0,0,0,7,-4,0,0,7,8,8,0,14,9,8,4,27,18,12,8,20,5,18,0,0,0,0,0,39,-4,-6,-4,-6,-6,-8,-8,-7,-7,-5,-5,0,0,0,0,5,-62,-41,-59,-52,-125,-127,-137,-142,-246,-246,-233,-243,-247,-242,-252,-225,-225,-185,-185,-185,-279,-262,-385,-332,-356,-337,-435,-348,-402,-383,-370,-358,-511,-520,-510,-484,-601,-552,-687,-666,-724,-695,-649,-632,-1252,-1260,-1130,-931,-1260,-1250,-29973,-29974,-29976,-29977,-29975,-29977,-29966,-29978,-29969,-29970,-29964,-12804,-29978,-29979,-29984,-29985,-29984,-29981,-29986,-29987,-29993,-29994,-29994,-29995]} 1. e4 c5 2. c3 Nf6 3. e5 Nd5 4. Nf3 d6 5. Bb5+ Bd7 6. Bxd7+ {B22: Sicilian: 2 c3.} Qxd7 7. O-O Nc6 8. exd6 {The position is equal.} Qxd6 9. d4 cxd4 10. Nxd4 {Black must now prevent Nb5.} e6 {[#]} 11. Na3 $146 {[%cal Bb1a3,Ba3c4,Bc4e5][%mdl 32]} ({Predecessor:} 11. Nb5 Qb8 12. c4 Nf6 13. Bg5 Be7 14. Nd2 a6 15. Nc3 O-O 16. Nde4 Nxe4 17. Nxe4 Bxg5 18. Nxg5 {0-1 (32) Walter,M (1946)-Schoeller,W (1999) Germany 2012}) 11... Be7 12. Nc4 Qc5 13. Nxc6 bxc6 (13... Qxc6 {seems wilder.} 14. Ne5 Qa6 15. c4 Nf6 16. b3 O-O) 14. Qe2 O-O 15. a4 Rab8 16. Ne5 {Hoping for Nd7.} Rfd8 17. Re1 Rb7 18. Qa6 Rc7 19. Qe2 Qb6 20. Qf3 f6 21. Nc4 Qa6 {[%cal Ra6c4]} 22. Qg4 e5 23. Ne3 Qc8 24. Qxc8 Rcxc8 25. Nc4 Rb8 26. Kf1 Kf7 27. g3 Nb6 28. Nd2 (28. Nxb6 $11 axb6 29. f4) 28... a5 $15 29. Ke2 f5 30. Kd1 {White is now going downhill.} (30. Ra2 $15) 30... Nc4 $1 $17 {[%cal Rc4d2]} 31. Ra2 Bg5 32. Re2 {[#]} (32. b4 $17 {is the only way for White.}) 32... Bxd2 $1 $19 {[%mdl 64] Overworked Piece} 33. Bxd2 Nxb2+ 34. Kc2 Nc4 35. Be3 Rd5 36. f3 h6 37. h4 Kf6 38. Bf2 (38. Bc1 $142) 38... c5 39. Be1 (39. Be3 {was called for.}) 39... g5 40. hxg5+ hxg5 41. Bf2 Rbd8 42. Be1 Rd3 {And now ...Ne3+ would win.} 43. Kb3 Ne3 {( -> ...Rb8+)} 44. Rad2 (44. Rab2 $142) 44... c4+ 45. Ka2 Nd1 {[%mdl 64] [#] Discovered Attack} 46. Rxd3 Rxd3 {[%mdl 4096] Endgame KRB-KRN} 47. Rh2 Rxf3 48. Rh6+ Kg7 49. Rd6 Nxc3+ 50. Bxc3 Rxc3 {KR-KR} 51. Rd5 Kf6 52. Rxa5 f4 53. g4 f3 54. Ra8 Ke7 55. Ra7+ Ke6 56. Ra6+ Kd5 57. Rf6 Rb3 58. a5 Ke4 59. Rc6 Kd3 {Black mates.} 60. Rd6+ Ke2 61. a6 Rb5 62. Re6 f2 63. a7 Ra5+ {[%mdl 64] Double Attack} 64. Kb2 f1=Q {Weighted Error Value: White=0.54/Black=0.11} 0-1

[Event "Belgrade Spring Open 2021"]
[Site "Belgrade"]
[Date "2021.04.04"]
[Round "3.4"]
[White "Kazakouski, Valery"]
[Black "Pasti, Aron"]
[Result "1-0"]
[WhiteElo "2476"]
[BlackElo "2231"]
[Annotator "TA"]
[PlyCount "53"]
[EventDate "2021.04.02"]
[EventType "swiss"]
[EventCountry "SRB"]
[SourceTitle "playchess.com"]
[Source "ChessBase"]
[SourceQuality "1"]

{[%evp 14,53,0,0,0,0,0,0,0,0,0,-6,4,8,7,0,0,0,141,91,391,383,386,383,427,418,430,430,420,424,417,429,424,421,406,412,461,454,465,524,515,501]} 1. d4 d5 2. c4 e6 3. Nf3 Nf6 4. g3 dxc4 5. Bg2 Nc6 6. O-O Rb8 7. Nc3 {7.e3 is more fashionable.} b5 8. Ne5 Nxe5 {E04: Open Catalan: 5 Nf3.} (8... Nxd4 $2 9. e3 $18) 9. dxe5 Nd7 10. Qc2 Bb7 {The position is equal.} 11. Bxb7 Rxb7 12. Rd1 Qc8 13. Ne4 Be7 {[#]} 14. Bg5 $146 ({Predecessor:} 14. a4 Nxe5 15. axb5 O-O 16. Bf4 Ng6 17. Qxc4 Nxf4 18. gxf4 Rd8 19. Rxd8+ Qxd8 20. e3 {½-½ (32) Ponkratov,P (2651)-Bu,X (2722) Harbin 2019}) 14... Bxg5 15. Nxg5 Qd8 ({Much worse is} 15... Nxe5 $6 16. Qe4 $16) (15... Rb8 $11 {keeps the balance.}) 16. h4 ({Much less strong is} 16. Nxh7 $6 Qe7 $14) 16... Qe7 $2 {[%mdl 8192] Black cannot hold the game after this.} (16... Qc8 $16 {keeps fighting.}) 17. Qe4 $18 Rb6 18. Rd2 f5 {[#]} 19. exf6 $1 gxf6 {[#]} 20. Rad1 $1 Rd6 21. Qa8+ Qd8 22. Qxd8+ Kxd8 23. Nf7+ Ke7 24. Nxh8 ({But not} 24. Rxd6 cxd6 25. Nxh8 Nc5 $18) 24... Nc5 25. h5 {White is clearly winning.} Na4 {If only Black now had time for ...Nxb2....} 26. Ng6+ hxg6 27. h6 {Weighted Error Value: White=0.03/Black=0.53} 1-0

[Event "Belgrade Spring Open 2021"]
[Site "Belgrade"]
[Date "2021.04.04"]
[Round "3.5"]
[White "Milosevic, Milos"]
[Black "Todorovic, Goran M"]
[Result "1-0"]
[WhiteElo "2334"]
[BlackElo "2406"]
[Annotator "TA"]
[PlyCount "75"]
[EventDate "2021.04.02"]
[EventType "swiss"]
[EventCountry "SRB"]
[SourceTitle "playchess.com"]
[Source "ChessBase"]
[SourceQuality "1"]

{[%evp 10,75,2,-26,0,-8,23,20,16,11,12,14,8,0,19,15,20,26,31,0,22,-59,-50,-116,-97,-94,-94,-79,0,0,0,0,0,0,103,-4,28,5,9,14,18,16,28,0,0,0,182,193,200,162,160,151,235,237,235,237,230,235,647,222,426,416,337,282,29999,-29998,29999,-29997]} 1. e4 e5 2. Bc4 Nf6 3. d3 Nc6 4. Nc3 Na5 5. Nge2 c6 6. a4 Nxc4 {C28: Vienna Game: 2...Nf6 3 Bc4 Nc6.} 7. dxc4 d6 8. Qd3 Be7 {The position is equal.} 9. O-O Be6 10. b3 O-O 11. Ba3 Qc7 12. f4 exf4 13. Nxf4 {[#]} Rae8 $146 ({Predecessor:} 13... Rad8 14. Rae1 Bc8 15. Qg3 Rfe8 16. Bb2 Qa5 17. Kh1 Nh5 18. Nxh5 Qxh5 19. Nd5 Qg4 {½-½ (46) Milosevic,M (2322)-Doshi,M (2332) Novi Sad 2021}) 14. Qg3 Bc8 15. a5 (15. h3 $11) 15... Qxa5 $15 16. c5 (16. Bxd6 $15 Qb6+ 17. c5) 16... d5 $17 17. b4 Qd8 18. exd5 cxd5 (18... Ng4 $1 $17 19. Nd1 Bf6) 19. Bb2 $11 {And now Ncxd5! would win.} d4 20. Nb5 $40 {[%mdl 128] Black needs to defend precisely.} Ne4 21. Qd3 Bf6 (21... a6 $11) 22. Nxd4 ({Better is} 22. Rxa7 $16 {[%cal Rb2d4]} Qd7 23. Bxd4) 22... a6 23. Rad1 Bg4 24. Rde1 Ng5 25. h3 Bc8 26. Nh5 Be5 {Strongly threatening ...Nxh3+!} 27. h4 Nh3+ 28. gxh3 $18 {Hoping for Rxe5!} Qxh4 {[#]} 29. Nf3 $1 {[%cal Bd4f3,Bf3e5,Be5d3][%mdl 32]} Qxh5 (29... Bh2+ 30. Kxh2) 30. Rxe5 Rxe5 (30... Qxh3 $16 {is a better defense.} 31. Kf2 Rxe5 32. Bxe5 f6) 31. Nxe5 ({Resist} 31. Bxe5 $6 Bxh3 32. Rf2 Re8) 31... Bxh3 {[#]} 32. Rf3 $1 {[%cal Rf3h3]} Be6 {intending ...f6.} 33. Rg3 {Black must now prevent Nd7.} Re8 $2 (33... f6) 34. Qd4 $2 (34. Nf3 Bg4 {[#]} 35. Qd4 $1 {[%mdl 64] Double Attack}) 34... Qh6 (34... f6) 35. Nd3 {[%cal Rg3g7]} f6 36. Qxf6 Qh4 $2 (36... Qxf6 $18 37. Bxf6 g6) 37. Qc3 $4 {[%mdl 8192]} Rf8 $4 {[%mdl 8192]} (37... Qxg3+ {and all is fine.} 38. Kh1 Bd5#) 38. Qd4 $4 {[%mdl 40960] Quite a comeback for White.  Weighted Error Value: White=0.59/Black=0.86. Loss on time!?} 1-0